000 01124nam a22001937a 4500
999 _c2092
_d2092
001 1181
003 BD-DhUAP
005 20210128093934.0
008 200219s1998 bg ||||| |||| 00| 0 ben d
040 _aBD-DhUAP
_bBen
_cBD-DhUAP
_dBD-DhUAP
082 _223
_a378.102 BAN
245 _aবাংলাদেশ বিশ্ববিদ্যালয় মঞ্জুরি কমিশনের ভূমিকা ও কার্যক্রম :
_bজাতীয় সেমিনার ১৯৯৭ /
_cআনোয়ারউল্লাহ চৌধুরী কর্তৃক সংকলিত ও সম্পাদিত।
260 _aঢাকা :
_bবাংলাদেশ বিশ্ববিদ্যালয় মঞ্জুরি কমিশন,
_c১৯৯৮।
300 _a১২৮ পৃষ্ঠা ;
_c২৫ সেমি.।
650 _aHigher Education
_zreports.
700 _aচৌধুরী, আনোয়ারউল্লাহ।
710 _aবাংলাদেশ বিশ্ববিদ্যালয় মঞ্জুরি কমিশন।
942 _2ddc
_cBK